Comecon : Integration problems of the planned economies

Đã lưu trong:
書目詳細資料
主要作者: Kaser, Michael
格式: 圖書
語言:Undetermined
出版: New York Oxford U.P 1967
主題:
標簽: 添加標簽
沒有標簽, 成為第一個標記此記錄!
Thư viện lưu trữ: Trung tâm Học liệu Trường Đại học Cần Thơ
LEADER 00528nam a2200193Ia 4500
001 CTU_85720
008 210402s9999 xx 000 0 und d
082 |a 382.914 
082 |b K19 
100 |a Kaser, Michael 
245 0 |a Comecon : 
245 0 |b Integration problems of the planned economies 
245 0 |c Michael Kaser 
260 |a New York 
260 |b Oxford U.P 
260 |c 1967 
650 |a Council for mutual economic assistance. 
904 |i Năm 
980 |a Trung tâm Học liệu Trường Đại học Cần Thơ